000 00281nam a22001337a 4500
008 181003b xxu||||| |||| 00| 0 eng d
020 _a0020849605
041 _aeng
080 _a101
100 _a24
101 _aFIL
245 _aThe Nature of Man
_cFromm,E
942 _2udc
_cBK
999 _c48825
_d48825